-Meter Vocabulary Words - Statistics

General Stats
  • This quiz has been taken 122 times
  • The average score is 6 of 15
Answer Stats
what's measured word % Correct
temperature thermometer
83%
km/h or mph speedometer
69%
distance walked pedometer
65%
altitude altimeter
60%
distance driven odometer
51%
time chronometer
48%
earthquakes seismometer
48%
electric potential voltmeter
42%
an engine's rpm tachometer
40%
electric current ammeter
36%
saltiness salinometer
31%
taxi fares taximeter
20%
wind speed anemometer
15%
breathing respirometer
13%
fluid flow in a pipe flowmeter
11%
No matching quizzes found
Score Distribution
Percent of People with Each Score
Percentile by Number Answered
Your Score History
You have not taken this quiz